000 00955nam a2200265Ia 4500
003 OSt
005 20220923211511.0
006 a|||||r|||| 00| 0
007 ta
008 220922b |||||||| |||| 00| 0 hin d
020 _a9789380146157 (hbk)
_c425
024 _a272,465
037 _bIN-01742, 05/08/2013, Kitab Ghar Prakashan
_cTextual
040 _aARTS
_cARTS
_bhin
041 _2hin
_ahin
082 _aO152,6N551x, Q1
100 _aगोपेश्वर सिंह
245 0 _aआलोचना का नया पाठ
246 _aĀlochanā kā nayā pāṭha
260 _aनयी दिल्ली
_b किताबघर प्रकाशन
_c2011
300 _a282पृ.
_ccm.
650 _aहिन्दी साहित्य
_9156264
942 _hO152,6N551x, Q1
_cTEXL
_2CC
999 _c300187
_d300187